[Event "POL-chT 2nd League"]
[Site "Jastrzebia Gora"]
[Date "2023.09.09"]
[Round "8.81"]
[White "Wozniak, Maciej"]
[Black "Celinski, Kamil"]
[Result "1-0"]
[WhiteElo "1999"]
[BlackElo "1841"]
[PlyCount "171"]
[EventDate "2023.09.02"]
[EventType "team-swiss"]
[EventRounds "9"]
[EventCountry "POL"]
[SourceTitle "EXT 2024"]
[Source "ChessBase"]
[SourceDate "2023.10.10"]
[SourceVersion "1"]
[SourceVersionDate "2023.10.10"]
[SourceQuality "1"]
[WhiteTeam "Rzeszow Szachownica"]
[BlackTeam "Warszawa Zugzwang"]
[WhiteTeamCountry "POL"]
[BlackTeamCountry "POL"]

1. e4 e5 2. Nf3 Nc6 3. Bc4 Nf6 4. d3 Bc5 5. Nbd2 a6 6. a4 Ba7 7. 0-0 0-0 8. Re1 d6 9. c3 h6 10. Nf1 Re8 11. Ng3 Be6 12. Bxe6 Rxe6 13. Nh4 Ne7 14. Qe2 Ng6 15. Nhf5 Kh7 16. Nh5 Nxh5 17. Qxh5 Qf6 18. h4 Ne7 19. Be3 Bxe3 20. fxe3 Nxf5 21. exf5 g6 22. fxg6+ Qxg6 23. Qxg6+ Kxg6 24. Kh2 f5 25. Rf1 Rf6 26. a5 Kh5 27. Ra4 c6 28. g4+ Kg6 29. gxf5+ Rxf5 30. Rg4+ Kh5 31. Rxf5+ Kxg4 32. Rf6 d5 33. Re6 Kxh4 34. Rxh6+ Kg4 35. Kg2 Rb8 36. b4 Kf5 37. Kf3 e4+ 38. dxe4+ dxe4+ 39. Ke2 Ke5 40. c4 Kf5 41. c5 Ke5 42. Rh7 Kd5 43. Rd7+ Ke5 44. Kd2 Ke6 45. Rd6+ Ke5 46. Kc3 Rh8 47. Rd7 Rh3 48. Rxb7 Rxe3+ 49. Kc4 Ra3 50. Re7+ Kf4 51. Rf7+ Ke3 52. Rf6 Kd2 53. Rxc6 Rc3+ 54. Kd4 e3 55. Re6 Rd3+ 56. Kc4 Rc3+ 57. Kd5 Rd3+ 58. Kc6 Rb3 59. Kb6 Rxb4+ 60. Kxa6 e2 61. c6 e1Q 62. Rxe1 Kxe1 63. c7 Rc4 64. Kb6 Rb4+ 65. Kc5 Rb2 66. a6 Rc2+ 67. Kb6 Rb2+ 68. Kc6 Rc2+ 69. Kb7 Rb2+ 70. Kc6 Rc2+ 71. Kb6 Rb2+ 72. Ka5 Rc2 73. a7 Rxc7 74. a8Q Rc2 75. Kb4 Kd2 76. Qg2+ Kd3 77. Qg3+ Kd2 78. Qf3 Rc1 79. Kb3 Re1 80. Kc4 Re3 81. Qf2+ Re2 82. Qf4+ Kd1 83. Kd3 Ke1 84. Qg3+ Kf1 85. Qf3+ Rf2 86. Qh1# 1-0

[Event "POL-chT 2nd League"]
[Site "Jastrzebia Gora"]
[Date "2022.09.07"]
[Round "5.45"]
[White "Luberanski, Jakub"]
[Black "Wozniak, Maciej"]
[Result "1/2-1/2"]
[WhiteElo "2211"]
[BlackElo "2022"]
[PlyCount "157"]
[EventDate "2022.09.03"]
[EventType "team-swiss"]
[EventRounds "9"]
[EventCountry "POL"]
[SourceTitle "CBM 210 Extra"]
[Source "ChessBase"]
[SourceDate "2022.11.30"]
[SourceVersion "1"]
[SourceVersionDate "2022.11.30"]
[SourceQuality "1"]
[WhiteTeam "Wroclaw Polonia"]
[BlackTeam "Rzeszow Szachownica"]
[WhiteTeamCountry "POL"]
[BlackTeamCountry "POL"]

1. d4 Nf6 2. c4 c5 3. d5 e6 4. Nc3 exd5 5. cxd5 d6 6. Nf3 g6 7. Nd2 Bg7 8. e4 0-0 9. Be2 Na6 10. 0-0 Nc7 11. f4 Re8 12. Bf3 Rb8 13. a4 b6 14. Re1 Ba6 15. Nf1 Nd7 16. Be3 Bxf1 17. Kxf1 a6 18. Qd2 b5 19. axb5 axb5 20. e5 dxe5 21. d6 Ne6 22. Nd5 Nb6 23. Ne7+ Kh8 24. Nc6 Nc4 25. Qd5 Qxd6 26. Qxd6 Nxd6 27. fxe5 Nc4 28. Nxb8 Rxb8 29. Bd5 Nxe5 30. Bxe6 fxe6 31. Bxc5 Nd3 32. Bd6 Re8 33. Re3 Nxb2 34. Be5 Nc4 35. Bxg7+ Kxg7 36. Rd3 Kf6 37. Ra7 Rb8 38. Rdd7 b4 39. Rab7 Rxb7 40. Rxb7 b3 41. Ke2 b2 42. Kd3 Ne5+ 43. Kd4 Nc6+ 44. Kc5 Ne5 45. Kd4 Nc6+ 46. Ke4 h5 47. Rxb2 Ne7 48. Rb8 Nf5 49. Rf8+ Kg7 50. Ra8 Kf6 51. Ra2 Nd6+ 52. Kf4 Nf5 53. Rf2 Nd6 54. h3 e5+ 55. Ke3+ Nf5+ 56. Kd3 Ke6 57. Ra2 Nd6 58. Ra6 Kd5 59. Kc3 Nb5+ 60. Kb4 Nd6 61. h4 Nf5 62. Rxg6 Nxh4 63. Rg5 Ke6 64. Kc5 Kf6 65. Rg8 Ng6 66. Kd6 Kf5 67. Re8 Kf6 68. g3 Kf5 69. Kd5 Kf6 70. Ke4 Kg5 71. Re6 h4 72. gxh4+ Nxh4 73. Rxe5+ Kf6 74. Ra5 Ng6 75. Rh5 Ke6 76. Ra5 Kf6 77. Ra6+ Kg5 78. Re6 Nh4 79. Re7 1/2-1/2

[Event "Golden Rook op 56th"]
[Site "Chotowa"]
[Date "2014.06.12"]
[Round "7"]
[White "Wozniak, Maciej"]
[Black "Barwinski, Dionizy"]
[Result "1-0"]
[WhiteElo "2169"]
[BlackElo "2134"]
[PlyCount "97"]
[EventDate "2014.06.08"]
[EventType "team-swiss"]
[EventRounds "9"]
[EventCountry "POL"]
[SourceTitle "EXT 2015"]
[Source "ChessBase"]
[SourceDate "2014.11.20"]
[SourceVersion "1"]
[SourceVersionDate "2014.11.20"]
[SourceQuality "1"]

1. e4 d5 2. exd5 Qxd5 3. Nc3 Qd6 4. d4 Nf6 5. Nf3 Bf5 6. Nb5 Qd8 7. c4 c6 8. Nc3 e6 9. Be2 Bd6 10. h3 Nbd7 11. Be3 0-0 12. 0-0 Re8 13. d5 exd5 14. cxd5 cxd5 15. Nxd5 Bc5 16. Bg5 Be7 17. Nxe7+ Rxe7 18. Nd4 Be4 19. Qd2 Qb6 20. Rfd1 h6 21. Be3 Re5 22. Nf3 Qe6 23. Nxe5 Nxe5 24. Qd6 Qf5 25. g4 Nf3+ 26. Kf1 Qa5 27. b4 Qa4 28. Qg3 Ng5 29. h4 Ne6 30. g5 hxg5 31. hxg5 Nd5 32. Bd2 Nd4 33. Bd3 Bf3 34. Re1 Nxb4 35. Bxb4 Qxb4 36. g6 Bd5 37. gxf7+ Bxf7 38. Qh3 g6 39. Rac1 Qd6 40. Re4 Ne6 41. Rh4 Qe5 42. Re1 Qf6 43. Bc4 Ng5 44. Bxf7+ Nxf7 45. Re6 Qg7 46. Qg4 g5 47. Rh3 Rd8 48. Qh5 Ne5 49. Re8+ 1-0

[Event "Golden Rook op 56th"]
[Site "Chotowa"]
[Date "2014.06.11"]
[Round "5"]
[White "Wozniak, Maciej"]
[Black "Gaj, Szymon"]
[Result "1/2-1/2"]
[WhiteElo "2169"]
[BlackElo "1622"]
[PlyCount "119"]
[EventDate "2014.06.08"]
[EventType "team-swiss"]
[EventRounds "9"]
[EventCountry "POL"]
[SourceTitle "EXT 2015"]
[Source "ChessBase"]
[SourceDate "2014.11.20"]
[SourceVersion "1"]
[SourceVersionDate "2014.11.20"]
[SourceQuality "1"]

1. e4 c5 2. Nf3 e6 3. d4 cxd4 4. Nxd4 a6 5. Bd3 Qc7 6. 0-0 Nc6 7. Be3 Nf6 8. Nd2 Nb4 9. a3 Nxd3 10. cxd3 Be7 11. Rc1 Qb8 12. Nc4 b5 13. Na5 Bb7 14. Ndb3 0-0 15. Bc5 Bxc5 16. Rxc5 d6 17. Rc3 Rc8 18. Qc2 Qa7 19. Nxb7 Qxb7 20. Rc1 Rxc3 21. Qxc3 d5 22. e5 Nd7 23. Nc5 Nxc5 24. Qxc5 h6 25. d4 Rb8 26. b3 Kh7 27. Kf1 a5 28. Ke2 b4 29. a4 Qa6+ 30. Kd2 h5 31. h4 Kg6 32. Qe7 Rc8 33. Qg5+ Kh7 34. Qxh5+ Kg8 35. Rxc8+ Qxc8 36. Qf3 Qd8 37. g3 Qb6 38. Qd3 g6 39. Ke3 Qc7 40. Qd2 Kh7 41. Kd3 Qc6 42. Ke2 Qa6+ 43. Qd3 Qc6 44. Kd2 Kg7 45. Qc2 Qa6 46. Qc1 Qb6 47. Qc5 Qa6 48. Qb5 Qc8 49. Qd3 Qc6 50. g4 Qc8 51. h5 Qd8 52. Qf3 Qg5+ 53. Kd1 gxh5 54. gxh5 Qg1+ 55. Ke2 Qb1 56. Qf6+ Kg8 57. h6 Qe4+ 58. Kf1 Qh1+ 59. Ke2 Qe4+ 60. Kf1 1/2-1/2

[Event "Golden Rook op 56th"]
[Site "Chotowa"]
[Date "2014.06.09"]
[Round "2"]
[White "Borawski, Jakub"]
[Black "Wozniak, Maciej"]
[Result "1/2-1/2"]
[WhiteElo "2010"]
[BlackElo "2169"]
[PlyCount "82"]
[EventDate "2014.06.08"]
[EventType "team-swiss"]
[EventRounds "9"]
[EventCountry "POL"]
[SourceTitle "EXT 2015"]
[Source "ChessBase"]
[SourceDate "2014.11.20"]
[SourceVersion "1"]
[SourceVersionDate "2014.11.20"]
[SourceQuality "1"]

1. e4 c5 2. Nf3 Nc6 3. d4 cxd4 4. Nxd4 g6 5. c4 Nf6 6. Nc3 d6 7. Be2 Nxd4 8. Qxd4 Bg7 9. Be3 0-0 10. Qd2 Be6 11. f3 Qa5 12. Rc1 Rfc8 13. b3 a6 14. Nd5 Qxd2+ 15. Kxd2 Nxd5 16. cxd5 Bd7 17. Rxc8+ Rxc8 18. Rc1 Rxc1 19. Kxc1 f5 20. Kc2 fxe4 21. fxe4 Be5 22. h3 Kg7 23. a4 Kf6 24. Kd3 b5 25. a5 e6 26. g4 exd5 27. exd5 g5 28. Bd4 h6 29. Ke3 Bxd4+ 30. Kxd4 Bc8 31. b4 Bd7 32. Bd3 Bc8 33. Be2 Bd7 34. Bd3 Bc8 35. Be2 Bd7 36. Bd3 Bc8 37. Be2 Bd7 38. Bd3 Bc8 39. Be2 Bd7 40. Bd3 Bc8 41. Be2 Bd7 1/2-1/2

[Event "POL-chT3 Podkarpackie"]
[Site "Pstragowa"]
[Date "2014.05.03"]
[Round "6.13"]
[White "Wozniak, Maciej"]
[Black "Gierulski, Kamil"]
[Result "0-1"]
[WhiteElo "2178"]
[BlackElo "1955"]
[PlyCount "98"]
[EventDate "2014.04.30"]
[EventType "team-tourn"]
[EventRounds "9"]
[EventCountry "POL"]
[SourceTitle "EXT 2015"]
[Source "ChessBase"]
[SourceDate "2014.11.20"]
[SourceVersion "1"]
[SourceVersionDate "2014.11.20"]
[SourceQuality "1"]
[WhiteTeam "Stara Wies Parnas"]
[BlackTeam "Rzeszow"]
[WhiteTeamCountry "POL"]
[BlackTeamCountry "POL"]

1. e4 c6 2. d4 d5 3. e5 Bf5 4. Nc3 Qb6 5. Na4 Qc7 6. c3 e6 7. b4 Nd7 8. Be3 Ne7 9. Nf3 Bg6 10. Be2 Nf5 11. 0-0 Be7 12. Qd2 Bh5 13. h3 Bg6 14. Bf4 h6 15. Ne1 b5 16. Nb2 a5 17. a4 0-0 18. Nc2 Rfb8 19. axb5 cxb5 20. bxa5 Rxa5 21. Rxa5 Qxa5 22. Ra1 Qc7 23. Nb4 Bxb4 24. cxb4 Qc6 25. g4 Ne7 26. Rc1 Qb7 27. Nd3 Bxd3 28. Bxd3 Kf8 29. g5 h5 30. g6 Nxg6 31. Bg5 Kg8 32. Rc3 Qa7 33. Qc2 Qxd4 34. Bxg6 fxg6 35. Rc8+ Kh7 36. Rxb8 Nxb8 37. Qc7 Na6 38. Qd6 Nxb4 39. Bf6 Nd3 40. Qe7 Qxf2+ 41. Kh1 Qe1+ 42. Kh2 Qd2+ 43. Kg1 Qe3+ 44. Kh2 Qf4+ 45. Kh1 Qe4+ 46. Kh2 Qf4+ 47. Kh1 Qc1+ 48. Kh2 Qc2+ 49. Kg1 Qc5+ 0-1

[Event "Krakow-A"]
[Site "Krakow"]
[Date "2010.06.25"]
[Round "1"]
[White "Wozniak, Maciej"]
[Black "Mikrut, Dariusz"]
[Result "1/2-1/2"]
[WhiteElo "2165"]
[BlackElo "2400"]
[PlyCount "24"]
[EventDate "2010.06.25"]
[EventType "tourn"]
[EventRounds "9"]
[EventCountry "POL"]
[SourceTitle "EXT 2013"]
[Source "ChessBase"]
[SourceDate "2012.11.22"]
[SourceVersion "1"]
[SourceVersionDate "2012.11.22"]
[SourceQuality "1"]

1. e4 c5 2. Nf3 Nc6 3. d4 cxd4 4. Nxd4 Nf6 5. Nc3 e6 6. Ndb5 Bb4 7. a3 Bxc3+ 8. Nxc3 d5 9. exd5 exd5 10. Bd3 0-0 11. 0-0 h6 12. Bf4 d4 1/2-1/2

[Event "Pobeskydy ArcelorMittal op"]
[Site "Frydek Mistek"]
[Date "2009.04.11"]
[Round "5"]
[White "Pospisil, Evzen"]
[Black "Wozniak, Maciej"]
[Result "1-0"]
[WhiteElo "2145"]
[BlackElo "2197"]
[PlyCount "71"]
[EventDate "2009.04.09"]
[EventType "swiss"]
[EventRounds "9"]
[EventCountry "CZE"]
[SourceTitle "CBM 129 Extra"]
[Source "ChessBase"]
[SourceDate "2009.05.05"]
[SourceVersion "2"]
[SourceVersionDate "2009.05.20"]
[SourceQuality "1"]

1. d4 d5 2. Bf4 Nf6 3. e3 c6 4. Bd3 Qb6 5. Qc1 Bg4 6. Nd2 Nbd7 7. h3 Bh5 8. Ngf3 Bg6 9. Be2 h6 10. 0-0 e6 11. c4 Be7 12. c5 Qd8 13. b4 Ne4 14. b5 Qc8 15. Qa3 e5 16. Nxe4 exf4 17. Nd6+ Bxd6 18. cxd6 f6 19. Nh4 Kf7 20. bxc6 bxc6 21. Nxg6 Kxg6 22. exf4 f5 23. Ba6 Qb8 24. Rab1 Nb6 25. Rfe1 Kh7 26. Re7 Re8 27. Rbe1 Rxe7 28. Rxe7 Nc8 29. Re8 Qb1+ 30. Kh2 Nxd6 31. Rxa8 Ne4 32. Qe3 Qxa2 33. Rxa7 Qa5 34. f3 Qb6 35. Re7 Nf6 36. Bd3 1-0

[Event "Rzeszow-chA"]
[Site "Rzeszow"]
[Date "2008.11.08"]
[Round "6.5"]
[White "Wozniak, Maciej"]
[Black "Luka, Krzysztof"]
[Result "1-0"]
[WhiteElo "2180"]
[BlackElo "1872"]
[PlyCount "61"]
[EventDate "2008.11.07"]
[EventType "tourn"]
[EventRounds "9"]
[EventCountry "POL"]
[SourceTitle "EXT 2023"]
[Source "ChessBase"]
[SourceDate "2022.10.05"]
[SourceVersion "1"]
[SourceVersionDate "2022.10.05"]
[SourceQuality "1"]

1. e4 d6 2. d4 Nf6 3. Nc3 g6 4. Be3 c6 5. Qd2 Nbd7 6. f3 b5 7. g4 Nb6 8. h4 h5 9. g5 Nfd7 10. d5 a6 11. dxc6 Ne5 12. Nd5 Nbc4 13. Qc3 Nxe3 14. Qxe3 Qa5+ 15. b4 Qd8 16. c7 Qd7 17. Nb6 Qc6 18. Nxa8 Qxa8 19. Qb6 Nc6 20. a3 Bg7 21. 0-0-0 0-0 22. Nh3 Bc3 23. Nf4 Bd4 24. Rxd4 Nxd4 25. Qxd4 e5 26. Qxd6 exf4 27. Be2 Be6 28. Rd1 Rc8 29. Qd8+ Kh7 30. Qf6 Rg8 31. Rd8 1-0

[Event "POL-chT 2nd League"]
[Site "Ustron"]
[Date "2008.09.12"]
[Round "6.70"]
[White "Janiszewski, Maciej"]
[Black "Wozniak, Maciej"]
[Result "1-0"]
[WhiteElo "2072"]
[BlackElo "2221"]
[PlyCount "75"]
[EventDate "2008.09.06"]
[EventType "team-swiss"]
[EventRounds "9"]
[EventCountry "POL"]
[SourceTitle "EXT 2015"]
[Source "ChessBase"]
[SourceDate "2014.11.20"]
[SourceVersion "1"]
[SourceVersionDate "2014.11.20"]
[SourceQuality "1"]
[WhiteTeam "Katowice Hetman Szopienice"]
[BlackTeam "Krakow TKKF Drogowiec"]
[WhiteTeamCountry "POL"]
[BlackTeamCountry "POL"]

1. e4 e5 2. Nc3 Nf6 3. f4 d5 4. fxe5 Nxe4 5. Nf3 Be7 6. d3 Nxc3 7. bxc3 Nd7 8. d4 Nf8 9. Bd3 Ng6 10. 0-0 0-0 11. Be3 b6 12. Qd2 c5 13. Ng5 c4 14. Bf5 Bxf5 15. Rxf5 f6 16. exf6 Rxf6 17. Raf1 Qd7 18. Rxf6 Bxf6 19. Qe2 h6 20. Nh3 Qe7 21. Qf3 Kh7 22. Bd2 Rd8 23. Qf5 Qe2 24. Qxg6+ Kxg6 25. Nf4+ Kf5 26. Nxe2+ Ke6 27. Nf4+ Kd6 28. Nh5 Be7 29. Nxg7 Kc6 30. Rf7 Bd6 31. Bxh6 Bb8 32. Bf4 Bxf4 33. Rxf4 Kb5 34. Ne6 Rd6 35. Rf6 Ka5 36. g4 Rd7 37. g5 Rh7 38. g6 1-0

[Event "POL-chT 2nd League"]
[Site "Ustron"]
[Date "2008.09.08"]
[Round "3.28"]
[White "Wozniak, Maciej"]
[Black "Zdrojewski, Wojciech"]
[Result "1/2-1/2"]
[WhiteElo "2221"]
[BlackElo "2190"]
[PlyCount "93"]
[EventDate "2008.09.06"]
[EventType "team-swiss"]
[EventRounds "9"]
[EventCountry "POL"]
[SourceTitle "EXT 2015"]
[Source "ChessBase"]
[SourceDate "2014.11.20"]
[SourceVersion "1"]
[SourceVersionDate "2014.11.20"]
[SourceQuality "1"]
[WhiteTeam "Krakow TKKF Drogowiec"]
[BlackTeam "Gdynia Korsarz"]
[WhiteTeamCountry "POL"]
[BlackTeamCountry "POL"]

1. e4 Nf6 2. e5 Nd5 3. d4 d6 4. Nf3 Nc6 5. Bb5 a6 6. Bxc6+ bxc6 7. h3 Bf5 8. 0-0 e6 9. a3 Be7 10. Qe2 0-0 11. Rd1 Bg6 12. c4 Nb6 13. Nh2 Nd7 14. b4 a5 15. b5 cxb5 16. cxb5 Nb6 17. Nc3 Qd7 18. Ng4 c6 19. exd6 Qxd6 20. Ne5 cxb5 21. Nxb5 Qd8 22. Nc6 Qd7 23. Nxe7+ Qxe7 24. d5 Rfd8 25. d6 Qf6 26. Bb2 Qf4 27. Rac1 Qe4 28. Qf1 Nd5 29. Nc7 Rab8 30. Nxd5 exd5 31. Re1 Qd3 32. Qxd3 Bxd3 33. Bd4 Bb5 34. Re7 Rd7 35. Rc7 Rxe7 36. dxe7 f6 37. Ra7 a4 38. Bc5 Be8 39. Bb4 Rc8 40. Ra5 Rc1+ 41. Kh2 Rd1 42. Kg3 Kf7 43. Kf3 h6 44. Ra8 Rd4 45. Rd8 Rd1 46. Ke2 Rd4 47. Ke3 1/2-1/2